000 00533nam a22001937a 4500
003 KOHA_MİRAKIL
005 20251125085949.0
008 251125b tu ||||| |||| 00| 0 tur d
020 _a9786258401509
040 _aTR-AnABB
_btur
_cTR-AnABB
041 _atur
082 _a823.914
_bHAR 2022
100 1 _aHarper, Jane,
245 1 0 _aDoğanın kudreti /
_cJane Harper
260 _aİstanbul :
_bİthaki Yayınları,
_c2022
300 _a360 sayfa ;
_c21 cm
650 0 4 _aİngiliz edebiyatı, roman
942 _2ddc
_cBK
999 _c9602
_d9602
900 _bGizem YORULMAZ